The key Concepts of Hinduism and Shaivism/ (Record no. 144484)
[ view plain ]
| 000 -LEADER | |
|---|---|
| fixed length control field | 00562nam a22001697a 4500 |
| 010 ## - LCCN (DPL NO) | |
| LC control number | ENG-120657 |
| 020 ## - INTERNATIONAL STANDARD BOOK NUMBER | |
| Terms of availability | 189.00 |
| International Standard Book Number | 9789395217217 |
| 035 ## - SYSTEM CONTROL NUMBER | |
| System control number | EN-104189 |
| 037 ## - SOURCE OF ACQUISITION | |
| Source of stock number/acquisition | DBAD/PUB |
| 082 ## - DEWEY DECIMAL CLASSIFICATION NUMBER | |
| Classification number | 230 |
| 100 ## - MAIN ENTRY--PERSONAL NAME | |
| Personal name | Suri ,Yudhvir |
| 245 ## - TITLE STATEMENT | |
| Title | The key Concepts of Hinduism and Shaivism/ |
| Statement of responsibility, etc | by Dr. Yudhir Suri |
| 260 ## - PUBLICATION, DISTRIBUTION, ETC. (IMPRINT) | |
| Place of publication, distribution, etc | Gurgaon |
| Name of publisher, distributor, etc | Zorba Books Pvt. Ltd (opc) |
| Date of publication, distribution, etc | 2023 |
| 270 ## - ADDRESS | |
| Address | Sushant Arcade, Next to Courtyard Marriot, Sushant Lok1, |
| City | Gurgaon |
| Postal code | 12209 |
| 300 ## - PHYSICAL DESCRIPTION | |
| Extent | 74p. |
| Other physical details | 20cm (pbk). |
| 942 ## - ADDED ENTRY ELEMENTS (KOHA) | |
| Source of classification or shelving scheme | Dewey Decimal Classification |
| Item type | English Books |
| Classification part | 230 |
| Call number suffix | SUR |
| Withdrawn status | Lost status | Not for loan | Collection code | Home library | Current library | Date acquired | Source of acquisition | Cost, normal purchase price | Full call number | Barcode | Copy number | Cost, replacement price | Koha item type |
|---|---|---|---|---|---|---|---|---|---|---|---|---|---|
| Non-fiction | Vinoba Puri | Vinoba Puri | 13/09/2017 | DBAD/PUB | 189.00 | 230 SUR | EN-104189 | 1 | 189.00 | English Books |
